00566nam a2200193Ia 450000500170000000800410001702000150005808200130007310000180008624500630010425000100016726000330017730000150021065000190022565000120024494200060025695200950026299900150035720240402024523.0240331s9999 xx 000 0 und d a0415206987 bPOLa330 aShaw, Martin  0aPolitics and globalization :bknowledge, ethics and agency a1 St. aLondon :bRoutledge /c1999. ax, 229 p., aGlobalization. aSocial. cL 001040708LaWERCLbWERCLcSSCd2024-03-31l0o 330 POLp4248r2024-03-31w2024-03-31yL c2602d2602